Statistics for Most Observed Species on iNaturalist

Click here to take the quiz!

General Stats

  • This quiz has been taken 8 times
  • The average score is 6 of 10

Answer Stats

ObservationsAnswer% Correct
183,936American Robin
100%
195,484House Sparrow
86%
336,157Mallard
71%
284,215Western Honey Bee
71%
229,409Monarch
57%
165,536White-Tailed Deer
57%
191,592Great Blue Heron
43%
200,235Asian Lady Beetle
29%
180,869Canadian Goose
29%
165,566Red-Tailed Hawk
29%

Score Distribution

Percentile by Number Answered

Percent of People with Each Score

Your Score History

You have not taken this quiz